000 00439nam a2200169Ia 4500
008 230524s9999 xx 000 0 und d
082 _a1.42
_bKUM
100 _aSuresh Kumar
_935377
245 0 _aOxford English-English-Hindi Dictionary
250 _a14TH
260 _aNEW YORK
_bOxford
_c2010
300 _aXVIII;1398
500 _aQuantity Number: 1
650 _aEnglish
700 _a Ramesh Sahai (Editors)
_935378
942 _cBK
999 _c49181
_d49181